Elements of economic theory and indian economics (Record no. 12644)

000 -LEADER
fixed length control field 00402nam a22001457a 4500
008 - FIXED-LENGTH DATA ELEMENTS--GENERAL INFORMATION
fixed length control field 180602b xxu||||| |||| 00| 0 eng d
082 ## - DEWEY DECIMAL CLASSIFICATION NUMBER
Edition number 23
Classification number 330.109
Item number GOS
100 ## - MAIN ENTRY--PERSONAL NAME
Personal name Goswami, Hem
245 ## - TITLE STATEMENT
Title Elements of economic theory and indian economics
250 ## - EDITION STATEMENT
Edition statement 2nd ed.
260 ## - PUBLICATION, DISTRIBUTION, ETC. (IMPRINT)
Place of publication, distribution, etc. Guwahati
Name of publisher, distributor, etc. Lawyer;s Book Stall
Date of publication, distribution, etc. 1998
300 ## - PHYSICAL DESCRIPTION
Extent 341p.;
Dimensions 21cm.
650 ## - SUBJECT ADDED ENTRY--TOPICAL TERM
Source of heading or term Economics
Topical term or geographic name as entry element Economics
942 ## - ADDED ENTRY ELEMENTS (KOHA)
Source of classification or shelving scheme
Koha item type Books
Holdings
Withdrawn status Lost status Source of classification or shelving scheme Materials specified (bound volume or other part) Damaged status Not for loan Collection code Permanent location Current location Shelving location Date acquired Coded location qualifier Cost, normal purchase price Full call number Barcode Date last seen Price effective from Koha item type
      PB     Economics Section Maulana Azad Central Library Maulana Azad Central Library General Stacks 2018-06-02 ECO 80.00 330.109 GOS 48803 2018-06-02 2018-06-02 Books

Copyright @ USTM
Techno City, Kiling Road, Baridua, 9th Mile,
Ri-Bhoi, Meghalaya-793101

Powered by Koha